MARC

LEADER 00000nam a2200000 i 4500
001 IT\ICCU\RAV\0794767
003 ItRI
005 20260216212453.0
008 011112s2001 it |||||| ||||| |||||c
020 |a 8883060555 
040 |b ita  |c Arcigay Queer VdA 
041 7 |a mul  |2 ISO-639-2 
245 0 3 |a Il senso del desiderio :  |b poesia gay dell'età moderna /  |c a cura di Nicola Gardini. 
260 |a Milano :  |b Crocetti,  |c \2001! 
300 |a 191 p. ;  |c 20 cm 
500 |a Testi orig. in calce. 
650 7 |a Omosessualità nella poesia  |x Sec. 19.-20.  |x Antologie  |2 scbi 
700 1 |a Gardini, Nicola  |0 IT\ICCU\LO1V\139389 
700 |a Gide, André 
700 |a Pasolini, Pier Paolo 
700 |a Baldwin, James 
700 |a Sbarbaro, Camillo 
700 |a Penna, Sandro 
700 |a Ginsberg, Allen 
700 |a Verlaine, Paul 
700 |a Gunn, Thom 
700 |a Kirkup, James 
700 |a Melville, Herman 
700 |a Rimbaud, Arthur 
700 |a Kuzmin, Michail 
700 |a Williams, Tennessee 
700 |a Auden, Wystan Hugh 
700 |a Whitman, Walt 
700 |a Douglas, Lord Alfred 
700 |a O'Hara, Frank 
700 |a Kavafis, Constantinos 
700 |a Ash, John 
700 |a Orlovski, Peter 
700 |a Bidart, Frank 
700 |a Owen, Wilfred 
700 |a Duncan, Robert 
700 |a Ashbery, John 
700 |a Esenin, Sergej 
700 |a Field, Edward 
700 |a Hofmannsthal, Hugo von 
700 |a George, Stefan 
700 |a García Lorca, Federico 
700 |a Merrill, James 
700 |a McClatchy, J. D. 
700 |a Pessoa, Fernando 
700 |a Plomer, William 
830 0 |a Anthologia ;  |v 3  |0 IT\ICCU\RAV\0736276 
942 |2 ddc  |c BK 
952 |0 0  |1 0  |2 ddc  |4 0  |6 808_819353000000000_AAVV_SEN  |7 0  |9 4085  |a AO  |b AO  |d 2025-05-01  |l 0  |o 808.819353 AAVV SEN  |p 11262  |r 2025-05-01 17:16:10  |w 2025-05-01  |x Di proprietà di Giulio Gasperini  |y BK 
952 |0 0  |1 0  |2 ddc  |4 0  |6 B_LPS01GARNISEN11  |7 0  |9 9067  |a MI  |b MI  |d 2011-06-15  |i 6190  |l 0  |o B-LPS01-GARNI-SEN11  |p CDOM6190  |r 2025-07-17 21:50:43  |w 2025-07-17  |x ACQUISTO  |y BK 
952 |0 0  |1 0  |4 0  |6 DOC_808_001000000000000_GAR  |7 0  |9 17613  |a BO  |b BO  |d 2026-01-15  |i 10924  |l 0  |o DOC 808.001 GAR  |p BO10924  |r 2026-01-15 23:19:41  |w 2026-01-15  |x [Sebina 5] [1 v.]  |y BK  |z 1 v. 
952 |0 0  |1 0  |4 0  |6 DOC_808_001000000000000_GAR  |7 0  |9 17614  |a BO  |b BO  |d 2026-01-15  |i 6479  |l 0  |o DOC 808.001 GAR  |p BO6479  |r 2026-01-15 23:19:41  |w 2026-01-15  |x [Sebina 5] [1 v.]  |y BK  |z 1 v. 
999 |c 3162  |d 3162